Edwards & Walkden (Norfolk) Ltd and ors v The Mayor and Commonalty and Citizens of the City of London (Record no. 84346)
[ view plain ]
| 000 -LEADER | |
|---|---|
| fixed length control field | 01388cad a22002175a 4500 |
| 001 - CONTROL NUMBER | |
| control field | L157353 |
| 008 - FIXED-LENGTH DATA ELEMENTS--GENERAL INFORMATION | |
| fixed length control field | 121030e2012 xxk 000 0 eng d |
| 035 ## - SYSTEM CONTROL NUMBER | |
| System control number | (Sirsi) u157353 |
| 041 0# - LANGUAGE CODE | |
| Language code of text/sound track or separate title | eng |
| 245 00 - TITLE STATEMENT | |
| Title | Edwards & Walkden (Norfolk) Ltd and ors v The Mayor and Commonalty and Citizens of the City of London |
| Medium | [electronic resource] |
| 260 ## - PUBLICATION, DISTRIBUTION, ETC. | |
| Date of publication, distribution, etc. | 2012 |
| 520 ## - SUMMARY, ETC. | |
| Summary, etc. | [2012] EWHC 2527 (Ch), 12 September 2012. Courts will have strong regard to the original commercial arrangement between parties when fixing the terms for a new business tenancy. Determined whether tenants can renew their leases at a fixed rent without a variable service charge. Claimants E sought new tenancies as they wished to pay fully inclusive rents rather than variable service charges. Defendants C argued that it was fair that the claimant tenants should cover repair and maintenance costs. "Held": the court found in favour of the defendants: a variable charge was fair and reasonable. |
| 590 ## - LOCAL NOTE (RLIN) | |
| Local note | KA |
| 650 24 - SUBJECT ADDED ENTRY--TOPICAL TERM | |
| Topical term or geographic name entry element | EDWARDS & WALKDEN (NORFOLK) LTD AND ORS V MAYOR AND COMMONALTY AND CITIZENS OF THE CITY OF LONDON |
| 650 24 - SUBJECT ADDED ENTRY--TOPICAL TERM | |
| Topical term or geographic name entry element | LANDLORD AND TENANT ACT 1954 |
| 650 24 - SUBJECT ADDED ENTRY--TOPICAL TERM | |
| Topical term or geographic name entry element | HYAMS V TITAN PROPERTIES LTD |
| 651 #4 - SUBJECT ADDED ENTRY--GEOGRAPHIC NAME | |
| Geographic name | England and Wales |
| Chronological subdivision | 1543- |
| 690 ## - LOCAL SUBJECT ADDED ENTRY--TOPICAL TERM (OCLC, RLIN) | |
| Topical term or geographic name as entry element | Landlord and tenant |
| 9 (RLIN) | 6252 |
| 856 40 - ELECTRONIC LOCATION AND ACCESS | |
| Uniform Resource Identifier | <a href="https://www.bailii.org/ew/cases/EWHC/Ch/2012/2527.html">https://www.bailii.org/ew/cases/EWHC/Ch/2012/2527.html</a> |
| Public note | View the decision at www.bailii.org |
| 942 ## - ADDED ENTRY ELEMENTS (KOHA) | |
| Suppress in OPAC | 0 |
| Withdrawn status | Lost status | Source of classification or shelving scheme | Damaged status | Not for loan | Home library | Current library | Shelving location | Date acquired | Total Checkouts | Full call number | Barcode | Date last seen | Copy number | Price effective from | Koha item type |
|---|---|---|---|---|---|---|---|---|---|---|---|---|---|---|---|
| Dewey Decimal Classification | Virtual | Virtual | Online | 30/10/2012 | ONLINE PUBLICATION | 157353-2001 | 06/08/2019 | 1 | 06/08/2019 | Law report |